Combien de Planètes connaissez vous? - Statistiques

Statistiques générales
  • Ce quiz a été pris 82 fois
  • Le résultat moyen est 9 sur 18
Statistiques - réponses
Réponse % Correct
Terre
100%
Mars
96%
Saturne
94%
Mercure
92%
Uranus
92%
Neptune
89%
Venus
89%
Jupiter
85%
Pluton
85%
Ceres
15%
Éris
13%
Hauméa
13%
Makemake
13%
Sedna
8%
Gonggong
4%
Orcus
4%
Quaoar /Salacia
3%
Achyls /Ixion / Huya / Lempo / Varda / Varuna
1%
Aucun quiz correspondant
Distribution des résultats
% des personnes avec chaque résultat
Percentile par nombre de réponses
Votre historique - résultats
Vous n’avez pas pris ce quiz